Surové kravské mlieko na mliekarenské ošetrenie a spracovanie

Bibliographic Details
Format: Book
Language:Slovak
PhysicalDescription:8 s.
Published: Bratislava Slovenský ústav technickej normalizácie 1993
Subjects:

MARC

LEADER 00000nam a2200000 a 4500
001 vtls001260079
003 SK-MaSNL
005 20260301234453.0
008 130606s1993 xo 0 slo
035 |a SNK000210920 
040 |a SNK  |b slo  |c SNK  |e AACR2 
044 |a xo  |c SK 
245 1 |a Surové kravské mlieko na mliekarenské ošetrenie a spracovanie 
260 |a Bratislava  |b Slovenský ústav technickej normalizácie  |c 1993 
300 |a 8 s. 
500 |a Náhrada za normy ČSN 57 0529 zo 4.9.1985 
655 7 |a normy  |2 SNK  |9 70643 
999 |c 970179  |d 972109 
952 |t P60, <04>, [BOOK], {604}  |a SNK  |b SNK  |y VYP  |7 0  |p 17A0032038  |o snkSTN 57 0529  |0 0  |1 0  |4 0  |d 1997-01-21  |l 0  |r 2005-01-01 00:00:00  |w 2026-02-24